00333nam a2200121Ia 45000030006000000080041000060400015000471000063000622450048001252600009001735460012001820050017001940STCL150530s9999 xx 000 0 und d aSTCLcSTCL aJames Crutchfield, A.; Charles Henning, N.; William Pigolt aMoney financial institution and the economy c1965 aEnglish20220125165650.0